Ecología trófica de la merluza común (Merluccius hubbsi) del mar argentino. Parte 3: Consumo anual de alimento a nivel poblacional y su relación... /
Guardado en:
| Autor Principal: | |
|---|---|
| Formato: | Libro |
| Idioma: | Spanish |
| Publicado: |
Mar del Plata :
Instituto nacional de investigación y desarrollo pesquero,
1993.
|
| Series: | INIDEP documento científico, 1
|
| Materias: | |
| Etiquetas: |
Agregar Etiqueta
Sin Etiquetas, Sea el primero en etiquetar este registro!
|
| LEADER | 00704nam a22001815a 4500 | ||
|---|---|---|---|
| 001 | EUN.um018607 | ||
| 003 | AR-BaUNS | ||
| 005 | 20050623122859.0 | ||
| 008 | 041125s1993####ag#a##########000#0#spa#d | ||
| 245 | 1 | 0 | |a Ecología trófica de la merluza común (Merluccius hubbsi) del mar argentino. Parte 3: Consumo anual de alimento a nivel poblacional y su relación... / |c L.B. Prenski. |
| 260 | |a Mar del Plata : |b Instituto nacional de investigación y desarrollo pesquero, |c 1993. | ||
| 300 | |a 118 p. : |b ilus. ; |c 27 cm. . | ||
| 490 | 0 | |a INIDEP documento científico, 1 | |
| 100 | 1 | |a Prenski, L.B. | |
| 082 | 0 | 4 | |a 597.5 |
| 653 | |a Merluza | ||
| 653 | |a Pesca | ||
| 859 | |a Ar-BaUNS |b BIB. CENTRAL - Sector C |h 597.5 |i P918 |p 103982/994 | ||
